Flagi sąsiadów sąsiadów Polski - Statystyki

Ogólne statystyki
  • Ten quiz został rozwiązany 7 283 razy
  • Średni wynik to 19 z 20
Statystyki odpowiedzi
Obrazkowy Odpowiedź % Poprawnych
Francja
100%
Belgia
99%
Chiny
99%
Norwegia
99%
Holandia
98%
Rumunia
98%
Estonia
97%
Finlandia
97%
Austria
96%
Dania
95%
Gruzja
95%
Kazachstan
95%
Szwajcaria
95%
Węgry
94%
Korea Północna
92%
Łotwa
92%
Luksemburg
91%
Mołdawia
91%
Azerbejdżan
83%
Mongolia
83%
Nie znaleziono quizów pasujących do podanych kryteriów
Rozkład punktacji
Procent ludzi z każdym wynikiem
Percentyl według liczby udzielonych odpowiedzi
Twoja historia wyników
Nie rozwiązałeś tego quizu